US States Neighbour Connect: First Alphabetically, with Map - Statistics

General Stats
  • This quiz has been taken 107 times
  • The average score is 40 of 50
Answers on the Map
Answers color-coded by a green-red scale on the quiz's map according to % correct below.
 
Answer Stats
State % Correct
Alabama
100%
Florida
96%
Georgia
96%
North Carolina
93%
South Carolina
93%
Arkansas
92%
Louisiana
92%
Mississippi
92%
Tennessee
92%
Arizona
88%
California
88%
Idaho
88%
Montana
88%
Nevada
88%
New Mexico
88%
Texas
88%
Minnesota
86%
North Dakota
86%
Illinois
84%
Indiana
84%
Iowa
84%
Kentucky
82%
Colorado
81%
Kansas
81%
Missouri
81%
Nebraska
81%
Oklahoma
81%
South Dakota
81%
Utah
81%
Wyoming
81%
Ohio
79%
Michigan
75%
Wisconsin
75%
Delaware
74%
Pennsylvania
74%
Maryland
73%
New Jersey
71%
New York
71%
Virginia
71%
West Virginia
71%
Connecticut
68%
Maine
68%
Massachusetts
68%
New Hampshire
68%
Vermont
68%
Alaska
67%
Hawaii
67%
Oregon
67%
Rhode Island
67%
Washington
67%
No matching quizzes found
Score Distribution
Percent of People with Each Score
Percentile by Number Answered
Your Score History
You have not taken this quiz